[Event "EYb14, Budva YUG"]
[Site "?"]
[Date "2003.??.??"]
[Round "2"]
[White "Hrzica, R."]
[Black "Howell, D."]
[Result "1/2-1/2"]
[WhiteElo "2115"]
[BlackElo "2320"]
[PlyCount "46"]
[EventDate "2003.??.??"]

1. e4 e5 2. Nf3 Nc6 3. Nc3 Nf6 4. d4 exd4 5. Nd5 Nb4 6. Nxf6+ Qxf6 7. Bc4 Bc5
8. O-O O-O 9. e5 Qg6 10. a3 Nc6 11. b4 Bb6 12. b5 Ne7 13. Re1 d5 14. exd6 Qxd6
15. Ng5 h6 16. Ne4 Qg6 17. Bf4 Ba5 18. Bd2 Bxd2 19. Qxd2 Nf5 20. Ng3 Nxg3 21.
hxg3 Qd6 22. Rad1 Rd8 23. Re4 Kf8 1/2-1/2

[Event "EYb14, Budva YUG"]
[Site "?"]
[Date "2003.??.??"]
[Round "2"]
[White "Krivoborodov, E."]
[Black "Zaslavsky, M."]
[Result "1/2-1/2"]
[WhiteElo "2295"]
[BlackElo "2110"]
[PlyCount "50"]
[EventDate "2003.??.??"]

1. e4 c5 2. Nf3 Nc6 3. c3 d5 4. exd5 Qxd5 5. d4 e6 6. Be2 Nf6 7. O-O Be7 8. Be3
cxd4 9. cxd4 O-O 10. Nc3 Qd6 11. a3 b6 12. b4 Bb7 13. Qb3 Rfd8 14. h3 h6 15.
Rfd1 Bf8 16. Rac1 Rac8 17. Rc2 Ne7 18. Ne5 Ned5 19. Rdc1 Nxc3 20. Rxc3 Qd5 21.
Qxd5 Nxd5 22. Rxc8 Rxc8 23. Rxc8 Bxc8 24. Bd2 Bb7 25. Bb5 Bd6 1/2-1/2

[Event "EYb14, Budva YUG"]
[Site "?"]
[Date "2003.??.??"]
[Round "2"]
[White "Figura, A."]
[Black "Chernobay, A."]
[Result "1-0"]
[WhiteElo "2110"]
[BlackElo "2260"]
[PlyCount "71"]
[EventDate "2003.??.??"]

1. d4 Nf6 2. c4 c5 3. d5 b5 4. cxb5 a6 5. bxa6 Bxa6 6. Nc3 g6 7. e4 Bxf1 8.
Kxf1 d6 9. Nge2 Bg7 10. h3 O-O 11. Kg1 Nbd7 12. Kh2 Qa5 13. Qc2 Rfb8 14. Rb1
Qa6 15. b3 Ne5 16. Rd1 Ra7 17. f4 Ned7 18. a4 h5 19. Nb5 Rab7 20. Bb2 Nb6 21.
Nec3 h4 22. e5 dxe5 23. fxe5 Nh5 24. Ne4 Nd7 25. e6 fxe6 26. d6 Ne5 27. Qxc5
exd6 28. Rxd6 Qa8 29. Bxe5 Rxb5 30. axb5 Qxe4 31. Bxg7 Qxb1 32. Be5 Ng3 33.
Bxg3 hxg3+ 34. Kxg3 Qxb3+ 35. Kh2 Qa4 36. Qe5 1-0

[Event "EYb14, Budva YUG"]
[Site "?"]
[Date "2003.??.??"]
[Round "2"]
[White "Olszewski, Mi"]
[Black "Skjoldan, B."]
[Result "1-0"]
[WhiteElo "2225"]
[BlackElo "2090"]
[PlyCount "25"]
[EventDate "2003.??.??"]

1. e4 c5 2. Nf3 e6 3. c3 Nf6 4. e5 Nd5 5. d4 cxd4 6. cxd4 d6 7. Nc3 Nxc3 8.
bxc3 dxe5 9. Nxe5 Nd7 10. Bb5 a6 11. Qf3 Qc7 12. Qxf7+ Kd8 13. Bg5+ 1-0

[Event "EYb14, Budva YUG"]
[Site "?"]
[Date "2003.??.??"]
[Round "3"]
[White "Bronowicki, M."]
[Black "Krivoborodov, E."]
[Result "0-1"]
[WhiteElo "2145"]
[BlackElo "2295"]
[PlyCount "94"]
[EventDate "2003.??.??"]

1. d4 d5 2. c4 c6 3. cxd5 cxd5 4. Nc3 Nf6 5. Bf4 a6 6. Nf3 Nc6 7. e3 Bg4 8. Bd3
e6 9. O-O Be7 10. Rc1 O-O 11. h3 Bxf3 12. Qxf3 Rc8 13. g4 Nd7 14. Bb1 Nb6 15.
Rfd1 Nc4 16. Qe2 b5 17. e4 Bg5 18. Bxg5 Qxg5 19. exd5 exd5 20. b3 Na3 21. Qd2
Qxd2 22. Rxd2 Nb4 23. Bf5 Rc7 24. Ne2 Rxc1+ 25. Nxc1 g6 26. Nd3 Nc6 27. Bd7
Nxd4 28. Ne5 Nac2 29. Kf1 Rd8 30. g5 h5 31. a4 b4 32. a5 Kg7 33. Nc6 Rxd7 34.
Nxd4 Nxd4 35. Rxd4 Rc7 36. Rxb4 Rc5 37. Ke2 Rxa5 38. Kd3 Ra2 39. Rf4 a5 40. Kd4
a4 41. bxa4 Rxa4+ 42. Ke5 Rxf4 43. Kxf4 f6 44. gxf6+ Kxf6 45. f3 Ke6 46. Kg5 d4
47. Kf4 Kd5 0-1

[Event "EYb14, Budva YUG"]
[Site "?"]
[Date "2003.??.??"]
[Round "3"]
[White "Andriasian, Z."]
[Black "Andreikin, D."]
[Result "1/2-1/2"]
[WhiteElo "2310"]
[BlackElo "2400"]
[PlyCount "139"]
[EventDate "2003.??.??"]

1. e4 c5 2. Nf3 Nc6 3. d4 cxd4 4. Nxd4 Qc7 5. Nc3 e6 6. Be3 a6 7. Qd2 Nxd4 8.
Bxd4 Ne7 9. O-O-O Nc6 10. Be3 Be7 11. f4 d6 12. g4 b5 13. Kb1 Bb7 14. Qf2 O-O
15. g5 b4 16. Bb6 Qb8 17. Na4 Na7 18. Bd3 Nb5 19. Be3 d5 20. Nb6 d4 21. Bxd4
Nxd4 22. Qxd4 Qa7 23. Qg1 Rad8 24. Nc8 Qc5 25. Nxe7+ Qxe7 26. Qb6 Rb8 27. Qe3
a5 28. Rhe1 Rfc8 29. f5 e5 30. f6 Qc5 31. fxg7 a4 32. Qxc5 Rxc5 33. Re3 Bc8 34.
b3 Be6 35. bxa4 Rc3 36. Rg3 Ra3 37. Bb5 Rxa2 38. Rd6 b3 39. cxb3 Rxh2 40. Rc3
Rg2 41. Rc2 Rg3 42. b4 Rxg5 43. Kb2 h5 44. Rh2 Kxg7 45. Kc3 Rg3+ 46. Rd3 Rc8+
47. Kd2 Rg4 48. Ba6 Rh8 49. Bb7 Rb8 50. Bd5 Rxb4 51. Rxh5 Bxd5 52. exd5 e4 53.
Rdh3 Rxa4 54. Rh7+ Kf6 55. d6 Rd4+ 56. Ke2 Rxd6 57. R3h6+ Rg6 58. Rh4 Re6 59.
Rf4+ Ke5 60. Rhxf7 Rd6 61. Re7+ Kd4 62. Rf1 Rg2+ 63. Rf2 Rxf2+ 64. Kxf2 Ra6 65.
Rb7 Ra3 66. Ke2 Ra2+ 67. Ke1 Kc4 68. Rb8 Rh2 69. Rd8 e3 70. Rc8+ 1/2-1/2

[Event "EYb14, Budva YUG"]
[Site "?"]
[Date "2003.??.??"]
[Round "3"]
[White "Carlsen, M."]
[Black "Olszewski, Mi"]
[Result "1-0"]
[WhiteElo "2385"]
[BlackElo "2225"]
[PlyCount "114"]
[EventDate "2003.??.??"]

1. e4 e5 2. Nf3 Nc6 3. Bb5 a6 4. Ba4 Nf6 5. O-O Be7 6. Qe2 b5 7. Bb3 O-O 8. c3
d6 9. Rd1 Na5 10. Bc2 c5 11. d4 Qc7 12. d5 Ne8 13. b4 cxb4 14. cxb4 Nc4 15. a4
bxa4 16. Bd3 Nb6 17. Be3 Qb7 18. b5 a5 19. Nc3 Bd7 20. Rdc1 Rc8 21. Bxb6 Qxb6
22. Nxa4 Rxc1+ 23. Rxc1 Qb7 24. Nd2 Bd8 25. Rc6 g6 26. Nc4 Bxc6 27. bxc6 Qb4
28. Bc2 Nc7 29. g3 Nb5 30. Ne3 Nd4 31. Qd1 f5 32. exf5 gxf5 33. Kg2 Kh8 34. Bb1
f4 35. Be4 Nb3 36. Bxh7 f3+ 37. Kg1 Kxh7 38. Qc2+ Kh6 39. c7 Bxc7 40. Qxc7 Nd4
41. Ng4+ Kg6 42. h3 Nf5 43. Nc3 a4 44. Qc6 Qd4 45. Kh2 Rh8 46. Kg1 a3 47. Qd7
Rf8 48. Qe6+ Kg7 49. Qd7+ Rf7 50. Qd8 Ra7 51. Ne3 Kg6 52. Nxf5 Qxc3 53. Ne7+
Kf7 54. Kh2 Qb2 55. h4 Qxf2+ 56. Kh3 Qg2+ 57. Kg4 f2 1-0

[Event "EYb14, Budva YUG"]
[Site "?"]
[Date "2003.??.??"]
[Round "3"]
[White "Nestorovic, DN."]
[Black "Rodshtein, M."]
[Result "1/2-1/2"]
[WhiteElo "2140"]
[BlackElo "2340"]
[PlyCount "117"]
[EventDate "2003.??.??"]

1. e4 e6 2. d4 d5 3. Nc3 Bb4 4. Nge2 dxe4 5. a3 Bxc3+ 6. Nxc3 Nc6 7. Bb5 Nge7
8. Nxe4 e5 9. Bxc6+ Nxc6 10. d5 Nd4 11. c3 Nf5 12. O-O O-O 13. f4 Nd6 14. Nxd6
cxd6 15. f5 Qb6+ 16. Kh1 f6 17. Qe2 Bd7 18. Rf3 Qc5 19. Qe4 b5 20. b3 a5 21.
Rh3 Qc8 22. Rf3 Ra7 23. Bd2 a4 24. b4 Rc7 25. Raf1 Rc4 26. Qe2 Qb7 27. Be1 Qxd5
28. Rd3 Qc6 29. Qd1 Qe4 30. Rxd6 Bxf5 31. Qd5+ Qxd5 32. Rxd5 Be4 33. Rxb5 Rd8
34. Ra5 Rd1 35. Rg1 Bc2 36. b5 Rb1 37. Bf2 Rb2 38. b6 Be4 39. Rc5 Rxc5 40. Bxc5
h5 41. Bb4 h4 42. h3 f5 43. c4 Rc2 44. c5 Bc6 45. Rd1 Rxg2 46. Rd6 Be4 47. c6
Rc2+ 48. Kg1 Rxc6 49. Rd8+ Kh7 50. Ba5 Rg6+ 51. Kf2 Bc6 52. Rc8 Bb7 53. Rc7 Be4
54. Rc4 Rg2+ 55. Ke1 Rb2 56. Bb4 Bb7 57. Rc7 Bf3 58. b7 Bxb7 59. Rxb7 1/2-1/2

[Event "EYb14, Budva YUG"]
[Site "?"]
[Date "2003.??.??"]
[Round "3"]
[White "Jurcik, Mart"]
[Black "Bindrich, F."]
[Result "0-1"]
[WhiteElo "2100"]
[BlackElo "2330"]
[PlyCount "138"]
[EventDate "2003.??.??"]

1. d4 Nf6 2. Nf3 e6 3. Bg5 Be7 4. Nbd2 d5 5. e3 O-O 6. Bd3 c5 7. c3 Nc6 8. O-O
h6 9. Bh4 Re8 10. Ne5 Nxe5 11. dxe5 Nd7 12. Bxe7 Rxe7 13. Qh5 Qc7 14. Nf3 b6
15. Rfe1 Bb7 16. Rad1 Rd8 17. Rd2 Nb8 18. Qg4 Nc6 19. Qf4 Red7 20. Red1 a6 21.
Bb1 Na5 22. b3 Nc6 23. c4 Na5 24. cxd5 Bxd5 25. Be4 Qc6 26. Bxd5 Rxd5 27. h3
Rxd2 28. Rxd2 Rxd2 29. Nxd2 Qd5 30. Nf3 b5 31. b4 Nc6 32. bxc5 Qxc5 33. Qe4
Qc1+ 34. Kh2 Qc4 35. Qb1 b4 36. Qd1 Qd5 37. Qa4 Nxe5 38. Nd4 a5 39. Qe8+ Kh7
40. f4 Nc4 41. Qxf7 Nxe3 42. Nf3 Nf5 43. Qh5 Nd6 44. Ne5 Qe4 45. Qg4 Nc4 46.
Nf3 Qg6 47. Qh4 Ne3 48. Qf2 Nd5 49. Nd4 Qe4 50. f5 exf5 51. Nxf5 Qf4+ 52. Qxf4
Nxf4 53. Nd4 Nd3 54. Kg3 a4 55. Kf3 Nc1 56. Ke3 Nxa2 57. Kd2 b3 58. g4 Kg6 59.
Nb5 Kg5 60. Na3 Kh4 61. Nc4 Kxh3 62. Nb2 a3 63. Nc4 Kxg4 64. Nxa3 h5 65. Nb5 h4
66. Nd4 h3 67. Nxb3 h2 68. Nc5 h1=Q 69. Nd3 Qg2+ 0-1

[Event "EYb14, Budva YUG"]
[Site "?"]
[Date "2003.??.??"]
[Round "3"]
[White "Nepomniachtchi, I."]
[Black "Figura, A."]
[Result "1-0"]
[WhiteElo "2430"]
[BlackElo "2110"]
[PlyCount "71"]
[EventDate "2003.??.??"]

1. e4 c5 2. c3 d5 3. exd5 Qxd5 4. d4 g6 5. dxc5 Qxc5 6. Be3 Qc7 7. Bxa7 Nc6 8.
Be3 Bg7 9. Nf3 Nf6 10. Na3 Rxa3 11. bxa3 Nd5 12. Rc1 Nxe3 13. fxe3 Bh6 14. Qd2
Qb6 15. Kf2 O-O 16. Bc4 e5 17. Rhe1 e4 18. Nd4 Ne5 19. Be2 f5 20. g3 g5 21. Qc2
f4 22. Qxe4 fxg3+ 23. Kxg3 Qc7 24. Qd5+ Kh8 25. Nb5 Qg7 26. Rf1 Re8 27. Nd6 Rd8
28. Kg2 Bh3+ 29. Kxh3 Qd7+ 30. Kg2 Qxd6 31. Qxd6 Rxd6 32. Rfd1 Re6 33. Rb1 b6
34. Rd8+ Kg7 35. Rb8 Nf7 36. Bh5 1-0

[Event "EYb14, Budva YUG"]
[Site "?"]
[Date "2003.??.??"]
[Round "3"]
[White "Howell, D."]
[Black "Vernay, C."]
[Result "0-1"]
[WhiteElo "2320"]
[BlackElo "2095"]
[PlyCount "78"]
[EventDate "2003.??.??"]

1. e4 e6 2. d4 d5 3. e5 c5 4. c3 Nc6 5. Nf3 Bd7 6. Be2 Nh6 7. O-O Nf5 8. Bd3
Nh4 9. Ng5 g6 10. g3 Nf5 11. Bxf5 exf5 12. dxc5 h6 13. Nh3 Be6 14. Be3 Bg7 15.
f4 f6 16. Bd4 O-O 17. exf6 Bxf6 18. Na3 Nxd4 19. cxd4 b6 20. Re1 Bf7 21. Qd2
Rc8 22. Rac1 Re8 23. Rxe8+ Qxe8 24. b4 Qa4 25. Nc2 Qxa2 26. Ra1 Qc4 27. Rxa7
bxc5 28. bxc5 Rb8 29. Ra1 Rb2 30. Rc1 Be8 31. Qe3 Ba4 32. Na3 Qxd4 33. Qxd4
Bxd4+ 34. Kh1 Be3 35. Rb1 Rxb1+ 36. Nxb1 Bc2 37. Nc3 d4 38. Nf2 dxc3 39. c6
Bxf2 0-1

[Event "EYb14, Budva YUG"]
[Site "?"]
[Date "2003.??.??"]
[Round "3"]
[White "Margolin, E."]
[Black "Beck, F."]
[Result "1/2-1/2"]
[WhiteElo "2220"]
[BlackElo "2085"]
[PlyCount "52"]
[EventDate "2003.??.??"]

1. d4 Nf6 2. Nf3 c5 3. c4 cxd4 4. Nxd4 b6 5. f3 Bb7 6. e4 d6 7. Nc3 e6 8. Be2
Be7 9. O-O a6 10. Be3 Nbd7 11. Qd2 O-O 12. Rfd1 Rc8 13. Bf1 Qc7 14. Rac1 Rfe8
15. Qf2 Qb8 16. Nb3 Bd8 17. Na4 Bc6 18. Nc3 Bc7 19. g3 Bb7 20. Rd2 Qa8 21. Rcd1
Ne5 22. Be2 Bb8 23. Qf1 Ned7 24. Bf2 Nc5 25. Na1 h6 26. Nc2 Bc6 1/2-1/2

[Event "EYb14, Budva YUG"]
[Site "?"]
[Date "2003.??.??"]
[Round "3"]
[White "Sanikidze, T."]
[Black "Hrzica, R."]
[Result "1-0"]
[WhiteElo "2250"]
[BlackElo "2115"]
[PlyCount "99"]
[EventDate "2003.??.??"]

1. e4 c6 2. d4 d5 3. Nc3 dxe4 4. Nxe4 Bf5 5. Ng3 Bg6 6. Nf3 Nd7 7. Bd3 Bxd3 8.
Qxd3 Ngf6 9. O-O Qc7 10. c4 e6 11. Bd2 Bd6 12. Bc3 O-O-O 13. Rfe1 h5 14. b4 Ng4
15. Qe2 Rh6 16. Ne5 Ngxe5 17. dxe5 Be7 18. c5 Nf8 19. Ne4 f6 20. Nd6+ Bxd6 21.
cxd6 Qb6 22. Rad1 fxe5 23. Bxe5 Nd7 24. Bf4 Rhh8 25. a3 e5 26. Bxe5 Rde8 27.
Qb2 Qb5 28. Bxg7 Rhg8 29. Re7 Rd8 30. Qb3 Qg5 31. Rxd7 Rxg7 32. Rxg7 Qxg7 33.
d7+ Kc7 34. Qe6 Rxd7 35. Rxd7+ Qxd7 36. Qxd7+ Kxd7 37. f3 Ke6 38. g4 h4 39. f4
Kd5 40. g5 Ke6 41. g6 Kf6 42. f5 b6 43. Kf2 h3 44. Ke3 Kg7 45. Kf4 Kf6 46. Ke4
a6 47. a4 Kg7 48. Ke5 a5 49. bxa5 bxa5 50. Kd6 1-0

[Event "EYb14, Budva YUG"]
[Site "?"]
[Date "2003.??.??"]
[Round "3"]
[White "Zaslavsky, M."]
[Black "Potapov, P."]
[Result "1/2-1/2"]
[WhiteElo "2110"]
[BlackElo "2210"]
[PlyCount "79"]
[EventDate "2003.??.??"]

1. e4 c5 2. Nf3 Nc6 3. d4 cxd4 4. Nxd4 e5 5. Nb5 d6 6. N1c3 a6 7. Na3 Be7 8.
Be3 Nf6 9. Nc4 b5 10. Nb6 Rb8 11. Nbd5 b4 12. Nxf6+ Bxf6 13. Nd5 O-O 14. Qd2 h6
15. Rd1 Bg5 16. Bxg5 Qxg5 17. Qxg5 hxg5 18. Ne3 Rd8 19. c3 bxc3 20. bxc3 Rb2
21. Bc4 Na5 22. O-O Bb7 23. Bd5 Bxd5 24. Rxd5 Rxa2 25. Rfd1 Nb7 26. Nc4 Rc8 27.
Nxd6 Nxd6 28. Rxd6 Rxc3 29. Rd8+ Kh7 30. R8d7 f6 31. Re7 Rcc2 32. h3 Rxf2 33.
Rdd7 Rxg2+ 34. Kh1 Kh6 35. Rxg7 g4 36. h4 Rh2+ 37. Kg1 Rag2+ 38. Kf1 Rf2+ 39.
Kg1 Rhg2+ 40. Kh1 1/2-1/2

[Event "EYb14, Budva YUG"]
[Site "?"]
[Date "2003.??.??"]
[Round "3"]
[White "Mingachev, M."]
[Black "Siebarth, R."]
[Result "0-1"]
[WhiteElo "2335"]
[BlackElo "2115"]
[PlyCount "100"]
[EventDate "2003.??.??"]

1. e4 c5 2. Nf3 d6 3. d4 cxd4 4. Qxd4 Nc6 5. Bb5 Bd7 6. Bxc6 Bxc6 7. Nc3 Nf6 8.
Bg5 e6 9. O-O-O Be7 10. Rhe1 O-O 11. Qd2 h6 12. Bxf6 Bxf6 13. Qxd6 Bxc3 14.
bxc3 Qa5 15. Kb2 Qb6+ 16. Qb4 Qxf2 17. Rd2 Qb6 18. Qxb6 axb6 19. Rd4 Ra5 20.
Rb4 Rfa8 21. Ra1 Kf8 22. Nd2 b5 23. Nf3 Ra4 24. e5 Rxb4+ 25. cxb4 Rd8 26. Kc3
Rc8 27. Kd3 Rd8+ 28. Ke3 Rc8 29. Kd3 Rd8+ 30. Ke3 Rc8 31. Rc1 Bxf3 32. Kxf3
Rc3+ 33. Ke2 Ke7 34. Kd2 Rc4 35. a3 Re4 36. Re1 Rxe1 37. Kxe1 Kd7 38. Kd2 Kc6
39. Kd3 Kd5 40. g3 b6 41. c3 h5 42. h4 g6 43. Kd2 Kxe5 44. c4 Kd4 45. cxb5 Kc4
46. Kc2 f6 47. Kd2 e5 48. Ke3 Kxb5 49. Kd3 Ka4 50. Kc4 Kxa3 0-1

[Event "EYb14, Budva YUG"]
[Site "?"]
[Date "2003.??.??"]
[Round "3"]
[White "Chernobay, A."]
[Black "Golub, D."]
[Result "1-0"]
[WhiteElo "2260"]
[BlackElo "2085"]
[PlyCount "67"]
[EventDate "2003.??.??"]

1. e4 c6 2. d4 d5 3. e5 c5 4. dxc5 Nc6 5. Nf3 Bg4 6. Bb5 e6 7. b4 Qc7 8. Bb2 a5
9. a3 Nge7 10. O-O Ng6 11. Re1 Be7 12. h3 Bxf3 13. Qxf3 O-O 14. Bxc6 bxc6 15.
Nd2 Rfb8 16. Bc3 Bg5 17. Nb3 axb4 18. axb4 Rxa1 19. Nxa1 d4 20. Bxd4 Rxb4 21.
Nb3 h6 22. g3 Ra4 23. h4 Bd8 24. Qd3 Ra8 25. Nd2 Nf8 26. Nc4 g5 27. h5 Qa7 28.
Qe4 Qc7 29. Rb1 Nd7 30. Qf3 Rb8 31. Ra1 Rb4 32. Nd6 Nb8 33. Bc3 Rb7 34. Ba5 1-0

[Event "EYb14, Budva YUG"]
[Site "?"]
[Date "2003.??.??"]
[Round "3"]
[White "Can, E."]
[Black "Perman, E."]
[Result "1-0"]
[WhiteElo "2195"]
[BlackElo "2080"]
[PlyCount "95"]
[EventDate "2003.??.??"]

1. e4 c5 2. Nf3 d6 3. c3 Nf6 4. Be2 Nc6 5. d4 cxd4 6. cxd4 Bg4 7. Nc3 Bxf3 8.
Bxf3 e5 9. d5 Nd4 10. Be3 Nxf3+ 11. Qxf3 Be7 12. O-O O-O 13. Qe2 a6 14. a4 b6
15. Rfc1 Nd7 16. f3 Bg5 17. Nd1 Nc5 18. Rc3 Bxe3+ 19. Nxe3 a5 20. Qb5 Qc7 21.
Rd1 Rfc8 22. Nc4 Ra7 23. Rdc1 Kf8 24. Ne3 g6 25. g3 Qd8 26. b3 Qe8 27. Rf1 Qxb5
28. axb5 Ke7 29. Re1 Kd7 30. Kg2 Rb7 31. Rc4 Rbc7 32. h4 Nb7 33. Rc6 Nd8 34.
Rxb6 Rb7 35. Nc4 Kc7 36. Rxb7+ Nxb7 37. Kf2 Ra8 38. Ra1 Nc5 39. Rxa5 Rxa5 40.
Nxa5 Kb6 41. Nc4+ Kc7 42. b6+ Kd7 43. Na5 f5 44. Ke3 fxe4 45. fxe4 h5 46. b4
Na4 47. Nc4 Nc3 48. b7 1-0

[Event "EYb14, Budva YUG"]
[Site "?"]
[Date "2003.??.??"]
[Round "3"]
[White "Szoverfi, L."]
[Black "Stojanovski, S."]
[Result "0-1"]
[WhiteElo "1930"]
[BlackElo "2210"]
[PlyCount "52"]
[EventDate "2003.??.??"]

1. e4 e5 2. Nf3 Nc6 3. d4 exd4 4. Nxd4 Nf6 5. Nxc6 bxc6 6. e5 Nd5 7. c4 Nb6 8.
b3 g6 9. Bb2 Bg7 10. Qc2 O-O 11. Be2 Qg5 12. g3 Qe7 13. f4 d6 14. c5 Nd5 15.
cxd6 cxd6 16. Ba3 c5 17. Bf3 Bb7 18. Qd2 dxe5 19. O-O e4 20. Re1 Bxa1 21. Bxe4
Qd6 22. Rd1 Rfe8 23. Bxd5 Qxd5 24. Qxd5 Bxd5 25. Rxd5 Re1+ 26. Kf2 Rxb1 0-1

[Event "EYb14, Budva YUG"]
[Site "?"]
[Date "2003.??.??"]
[Round "4"]
[White "Krivoborodov, E."]
[Black "Nepomniachtchi, I."]
[Result "1-0"]
[WhiteElo "2295"]
[BlackElo "2430"]
[PlyCount "117"]
[EventDate "2003.??.??"]

1. e4 c5 2. Nf3 d6 3. c3 Nf6 4. Be2 g6 5. O-O Bg7 6. Bb5+ Nbd7 7. Re1 a6 8. Bf1
O-O 9. d4 cxd4 10. cxd4 e5 11. Nc3 exd4 12. Nxd4 Re8 13. Nc2 Nc5 14. f3 b5 15.
Bf4 d5 16. exd5 Rxe1 17. Qxe1 Bf5 18. Nb4 Qb6 19. Qf2 a5 20. Nc6 b4 21. Ne7+
Kh8 22. Nb5 Na4 23. Qxb6 Nxb6 24. Nd6 Rf8 25. Ndxf5 gxf5 26. Nxf5 Nfxd5 27.
Nxg7 Nxf4 28. Nf5 Rd8 29. Rc1 Ne6 30. Rc6 Na4 31. b3 Nac5 32. Nd6 Kg7 33. Bc4
Rd7 34. Nxf7 Rd1+ 35. Kf2 Rd2+ 36. Kg3 Rxa2 37. Ne5 Kf6 38. Nd3 Nxd3 39. Rxe6+
Kf5 40. Re2 Nc1 41. Bd3+ Kf6 42. Rxa2 Nxa2 43. Bxh7 Nc3 44. Bc2 Ne2+ 45. Kf2
Nd4 46. Bd1 Ke5 47. h4 Nf5 48. g3 Kd4 49. h5 Kd3 50. g4 Ne3 51. Be2+ Kd2 52. h6
a4 53. h7 a3 54. h8=Q Nc2 55. g5 a2 56. g6 a1=Q 57. Qxa1 Nxa1 58. g7 Nxb3 59.
g8=Q 1-0

[Event "EYb14, Budva YUG"]
[Site "?"]
[Date "2003.??.??"]
[Round "4"]
[White "Andreikin, D."]
[Black "Sanikidze, T."]
[Result "1/2-1/2"]
[WhiteElo "2400"]
[BlackElo "2250"]
[PlyCount "65"]
[EventDate "2003.??.??"]

1. e4 e5 2. Nf3 Nc6 3. Bb5 a6 4. Ba4 Nf6 5. O-O Be7 6. Re1 b5 7. Bb3 d6 8. c3
O-O 9. h3 h6 10. d4 Re8 11. Nbd2 Bf8 12. Nf1 Bb7 13. Ng3 Na5 14. Bc2 Nc4 15. a4
d5 16. b3 dxe4 17. Nxe4 Nxe4 18. Bxe4 Bxe4 19. Rxe4 Qd5 20. Re1 Na5 21. axb5
Nxb3 22. Rxa6 exd4 23. Rxa8 Rxa8 24. Qd3 Rd8 25. Bf4 dxc3 26. Qxc3 Qxb5 27.
Qxc7 Qd7 28. Qb6 Nd4 29. Ne5 Qd5 30. Ng4 Nf5 31. Re5 Qd1+ 32. Kh2 Qd4 33. Qxd4
1/2-1/2

[Event "EYb14, Budva YUG"]
[Site "?"]
[Date "2003.??.??"]
[Round "4"]
[White "Berczes, D."]
[Black "Nestorovic, DN."]
[Result "1-0"]
[WhiteElo "2390"]
[BlackElo "2140"]
[PlyCount "101"]
[EventDate "2003.??.??"]

1. d4 Nf6 2. c4 c5 3. d5 b5 4. cxb5 a6 5. e3 axb5 6. Bxb5 Qa5+ 7. Nc3 Bb7 8.
Nge2 Nxd5 9. O-O Nxc3 10. Nxc3 e6 11. e4 Nc6 12. Be3 Be7 13. f4 Rd8 14. f5 O-O
15. f6 Bxf6 16. Rxf6 gxf6 17. Qg4+ Kh8 18. Qh4 Rg8 19. Qxf6+ Rg7 20. Bh6 Rdg8
21. Bxc6 Bxc6 22. Re1 Qb4 23. Re3 Qd4 24. e5 Bxg2 25. Kf2 Qd2+ 26. Ne2 Qd1 27.
Bxg7+ Rxg7 28. Qd8+ Rg8 29. Qf6+ Rg7 30. Ng3 Bc6 31. Qd8+ Rg8 32. Qf6+ Rg7 33.
Rb3 Qc2+ 34. Ne2 Qf5+ 35. Qxf5 exf5 36. Rb8+ Rg8 37. Rxg8+ Kxg8 38. Ke3 Kg7 39.
Kf4 Kg6 40. Ng3 f6 41. Nxf5 fxe5+ 42. Kxe5 Kg5 43. Ne7 Bf3 44. a4 h5 45. a5 Be2
46. Kd5 c4 47. Kd4 Kg4 48. Nd5 Kf3 49. Nc3 Bf1 50. a6 Kf4 51. a7 1-0

[Event "EYb14, Budva YUG"]
[Site "?"]
[Date "2003.??.??"]
[Round "4"]
[White "Brener, I."]
[Black "Chernobay, A."]
[Result "0-1"]
[WhiteElo "2160"]
[BlackElo "2260"]
[PlyCount "112"]
[EventDate "2003.??.??"]

1. d4 Nf6 2. Nf3 c5 3. c4 cxd4 4. Nxd4 b6 5. e3 Bb7 6. Nc3 e6 7. Nf3 Be7 8. Be2
O-O 9. O-O d6 10. b3 a6 11. Bb2 Nbd7 12. Nd4 Qc7 13. Bf3 Rac8 14. Rc1 Rfd8 15.
Bxb7 Qxb7 16. Qf3 Qxf3 17. Nxf3 Ne8 18. Rfd1 Bf6 19. Nd4 Rc7 20. Ne4 Be7 21.
Rd2 Nc5 22. Nc3 Rdc8 23. Rcd1 Nf6 24. f3 Nfd7 25. e4 Bg5 26. Re2 Ne5 27. g3 Bf6
28. Red2 Ned7 29. Nde2 Be7 30. Kf2 Rb8 31. Nd4 Nb7 32. f4 Nf6 33. Kf3 h5 34. f5
Nd8 35. fxe6 fxe6 36. Kg2 Ng4 37. Re2 Ne5 38. Nf3 Nxf3 39. Kxf3 Nf7 40. a4 Bf6
41. Na2 Bxb2 42. Rxb2 b5 43. Nb4 Ne5+ 44. Ke2 Ra7 45. axb5 axb5 46. cxb5 Rxb5
47. Nd3 Nf7 48. Nf4 Rb4 49. Ke3 Ne5 50. Kf2 Ng4+ 51. Kf3 Rf7 52. h3 Ne5+ 53.
Ke2 Rxe4+ 54. Kd2 h4 55. Kc2 hxg3 56. Nxe6 g2 0-1

[Event "EYb14, Budva YUG"]
[Site "?"]
[Date "2003.??.??"]
[Round "4"]
[White "Sharafiev, A."]
[Black "Spoelman, W."]
[Result "1-0"]
[WhiteElo "2255"]
[BlackElo "2165"]
[PlyCount "47"]
[EventDate "2003.??.??"]

1. d4 Nf6 2. Nc3 d5 3. Bg5 c6 4. Bxf6 exf6 5. e4 dxe4 6. Nxe4 f5 7. Ng3 Be6 8.
Nf3 Bd6 9. Bd3 g6 10. O-O O-O 11. Re1 b5 12. Qd2 Kg7 13. c3 Nd7 14. Bxb5 cxb5
15. d5 Nc5 16. dxe6 Nxe6 17. Rad1 Bc5 18. Nd4 Nxd4 19. cxd4 Bd6 20. d5 a6 21.
Rc1 Qh4 22. Red1 Rac8 23. Rc6 Rfd8 24. Qc3+ 1-0

[Event "EYb14, Budva YUG"]
[Site "?"]
[Date "2003.??.??"]
[Round "4"]
[White "Olszewski, Mi"]
[Black "Zaslavsky, M."]
[Result "1-0"]
[WhiteElo "2225"]
[BlackElo "2110"]
[PlyCount "84"]
[EventDate "2003.??.??"]

1. d4 Nf6 2. c4 g6 3. Nc3 d5 4. Nf3 Bg7 5. cxd5 Nxd5 6. Qa4+ Nc6 7. Qb3 Nb6 8.
d5 Ne5 9. Nxe5 Bxe5 10. Bh6 Qd6 11. e3 Bd7 12. O-O-O f5 13. f4 Bxc3 14. Qxc3
Rg8 15. Qa5 c6 16. dxc6 Qxc6+ 17. Kb1 Rc8 18. Bd3 Qxg2 19. Bg5 h6 20. Bh4 Na4
21. Qe5 g5 22. Rhg1 Qxh2 23. Bg3 Qh5 24. Bb5 Bxb5 25. Qxb5+ Rc6 26. Qxa4 a6 27.
Qb3 Rgg6 28. Qxb7 Qf3 29. Qd7+ Kf8 30. Qxf5+ Rgf6 31. Qh7 Ke8 32. fxg5 hxg5 33.
Qg8+ Rf8 34. Qxg5 Qe4+ 35. Ka1 Rf5 36. Qg8+ Rf8 37. Rd8+ Kxd8 38. Qxf8+ Kd7 39.
Rd1+ Ke6 40. Qg8+ Kf5 41. Rf1+ Qf3 42. Rxf3+ Ke4 1-0

[Event "EYb14, Budva YUG"]
[Site "?"]
[Date "2003.??.??"]
[Round "4"]
[White "Bitalzadeh, A."]
[Black "Jurcik, Mart"]
[Result "1-0"]
[WhiteElo "2180"]
[BlackElo "2100"]
[PlyCount "79"]
[EventDate "2003.??.??"]

1. e4 c5 2. Nf3 d6 3. d4 cxd4 4. Nxd4 Nf6 5. Nc3 g6 6. Be3 Bg7 7. f3 Nc6 8. Qd2
Bd7 9. O-O-O Rc8 10. g4 Ne5 11. Kb1 Nc4 12. Bxc4 Rxc4 13. h4 h5 14. g5 Nh7 15.
Nd5 O-O 16. b3 Rc8 17. c4 Bc6 18. Nc3 Qa5 19. Nd5 Qd8 20. f4 e6 21. Nc3 Qa5 22.
Nxc6 bxc6 23. Na4 Qa6 24. Qxd6 Rb8 25. Kc2 Rfc8 26. Bd4 Bxd4 27. Rxd4 Qa5 28.
Qc5 Qa6 29. Rhd1 Nf8 30. Rd6 Qb7 31. Nc3 Qc7 32. Ne2 Rb6 33. Nd4 Ra6 34. a4 Rb6
35. a5 Ra6 36. b4 Kh7 37. Nf3 Qb7 38. Ne5 Kg8 39. Rd8 Rxd8 40. Rxd8 1-0

[Event "EYb14, Budva YUG"]
[Site "?"]
[Date "2003.??.??"]
[Round "4"]
[White "Figura, A."]
[Black "Margvelashvili, G."]
[Result "1/2-1/2"]
[WhiteElo "2110"]
[BlackElo "2180"]
[PlyCount "58"]
[EventDate "2003.??.??"]

1. d4 Nf6 2. c4 e6 3. Nc3 Bb4 4. Qc2 c5 5. dxc5 O-O 6. a3 Bxc5 7. Nf3 b6 8. Bg5
Bb7 9. e4 Be7 10. Be2 h6 11. Bf4 Nh5 12. Be3 d6 13. O-O a6 14. Rfd1 Qc7 15.
Rac1 Nd7 16. b4 Nhf6 17. Qb1 Rac8 18. Nd2 Qb8 19. f4 Rfd8 20. Qa2 Bf8 21. Bf3
Ba8 22. a4 Kh8 23. Kh1 d5 24. e5 Ne4 25. Bxe4 dxe4 26. Ndxe4 Bxb4 27. Nd6 Bxd6
28. Rxd6 Nc5 29. Rcd1 Rxd6 1/2-1/2

[Event "EYb14, Budva YUG"]
[Site "?"]
[Date "2003.??.??"]
[Round "4"]
[White "Matsenko, S."]
[Black "Howell, D."]
[Result "1-0"]
[WhiteElo "2085"]
[BlackElo "2320"]
[PlyCount "85"]
[EventDate "2003.??.??"]

1. e4 e5 2. Nf3 Nc6 3. Bc4 Bc5 4. c3 Nf6 5. d3 a6 6. Bb3 Ba7 7. O-O d6 8. h3 h6
9. Nbd2 O-O 10. Re1 Nh5 11. Nf1 Qf6 12. Be3 Nf4 13. Bxa7 Rxa7 14. Ng3 h5 15.
Nh2 g6 16. Ne2 Kg7 17. Nxf4 Qxf4 18. Qc1 Qh4 19. Nf3 Qe7 20. d4 f6 21. Qe3 Ra8
22. Nd2 g5 23. Nf1 Qe8 24. Kh2 Ne7 25. dxe5 dxe5 26. Qc5 Nc6 27. Ne3 Qe7 28.
Qxe7+ Nxe7 29. Rad1 a5 30. a4 Re8 31. Rd2 Ra6 32. Bc4 Ra8 33. Red1 Ng6 34. Rd8
Rxd8 35. Rxd8 Ne7 36. Re8 Nc6 37. Be6 Na7 38. Nd5 b5 39. Nxc7 Rb8 40. Nxb5 Nxb5
41. axb5 Rxb5 42. Rxc8 Rxb2 43. Ra8 1-0